Văn kiện Đảng toàn tập. t.XXVII, 1966 /

Bewaard in:
Bibliografische gegevens
Coauteur: Đảng Cộng sản Việt Nam.
Formaat: Sách giấy
Taal:Vietnamese
Gepubliceerd in: H. : Chính trị Quốc gia, 2003.
Onderwerpen:
Tags: Voeg label toe
Geen labels, Wees de eerste die dit record labelt!
Thư viện lưu trữ: Thư viện Trường Đại học Đà Lạt
LEADER 00766nam a2200301 4500
001 DLU120139677
005 ##20120813
040 # # |a DLU  |b vie 
041 # # |a vie 
044 # # |a vn 
082 # # |a 324.23  |b DAN 
110 # # |a Đảng Cộng sản Việt Nam. 
245 # # |a Văn kiện Đảng toàn tập.  |n t.XXVII,  |p 1966 /  |c Đảng Cộng sản Việt Nam. 
260 # # |a H. :  |b Chính trị Quốc gia,  |c 2003. 
300 # # |a 469 tr. ;  |c 24 cm. 
650 # # |a Đảng Cộng sản Việt Nam  |x Văn kiện. 
923 # # |a 01/2012ML 
990 # # |a t.XXVII 
991 # # |a SH 
992 # # |a 0 
994 # # |a KML 
900 # # |a True 
911 # # |a Đào Thị Thu Huyền 
925 # # |a G 
926 # # |a A 
927 # # |a SH 
980 # # |a Thư viện Trường Đại học Đà Lạt